Cannes - Choix Multiples - Statistiques

Statistiques générales
  • Ce quiz a été pris 2 427 fois
    2 229 depuis la dernière actualisation
  • Le résultat moyen est 6 sur 10
Statistiques - réponses
Question Réponse % Correct
Sur quelle côte la ville de Cannes se situe-t-elle ? La Côte d'Azur
99%
Quelle récompense est distribuée au meilleur film de la sélection du Festival de Cannes ? La Palme d'or
99%
Quelle voie, constituée d'un boulevard et d'une promenade, est un lieu emblématique de la ville de Cannes ? La Croisette
82%
Que le nom "Suquet" désigne-t-il à Cannes ? Le plus ancien quartier de la ville
64%
Quelle image représente l'église orthodoxe russe Saint-Michel-Archange de Cannes ?
63%
Quelle figure du cinéma comique passe ses vacances à Cannes le temps d'un film ? Mister Bean
55%
Lequel de ces hôtels prestigieux ne se situe pas à Cannes ? Le Negresco
53%
Quelles îles se trouvent face à la baie de Cannes ? Les îles de Lérins
48%
Quel écrivain français s'est rendu célèbre avec une nouvelle sur une statue de Vénus à Ille mais a son tombeau au cœur du cimetière du Grand Jas, à Cannes ? Prosper Mérimée
44%
Quel célèbre peintre à vécu à Cannes de 1955 à 1961 ? Pablo Picasso
42%
Aucun quiz correspondant
Distribution des résultats
% des personnes avec chaque résultat
Percentile par nombre de réponses
Votre historique - résultats
Vous n’avez pas pris ce quiz depuis la dernière actualisation